<?xml version="1.0" encoding="UTF-8"?>
<record
    xmlns:xsi="http://www.w3.org/2001/XMLSchema-instance"
    xsi:schemaLocation="http://www.loc.gov/MARC21/slim http://www.loc.gov/standards/marcxml/schema/MARC21slim.xsd"
    xmlns="http://www.loc.gov/MARC21/slim">

  <leader>006830000a22001210004500</leader>
  <datafield tag="773" ind1="0" ind2=" ">
    <subfield code="t">Perfiles: revista de la comunidad acad&#xE9;mica UDES</subfield>
  </datafield>
  <datafield tag="100" ind1="1" ind2=" ">
    <subfield code="a">Fl&#xF3;rez Linares, Leonidas</subfield>
  </datafield>
  <datafield tag="245" ind1="1" ind2="0">
    <subfield code="a">Reflexiones sobre la revaluaci&#xF3;n del peso colombiano y la competitividad de nuestras exportaciones</subfield>
  </datafield>
  <datafield tag="300" ind1=" " ind2=" ">
    <subfield code="a">Vol.0, n&#xFA;m.2 ( , 2005), P&#xE1;ginas 60-64</subfield>
  </datafield>
  <datafield tag="520" ind1=" " ind2=" ">
    <subfield code="a">Reflexiones sobre la revaluaci&#xF3;n del peso colombiano y la competitividad de nuestras exportaciones: Introducci&#xF3;n, Causas de la revaluaci&#xF3;n, Efectos negativos de la revaluaci&#xF3;n, Efectos positivos de la revaluaci&#xF3;n, C&#xF3;mo controlar la revaluaci&#xF3;n, Qu&#xE9; es conducente hacer</subfield>
  </datafield>
  <datafield tag="650" ind1="1" ind2="4">
    <subfield code="a">ECONOM&#xCD;A-COLOMBIA</subfield>
  </datafield>
  <datafield tag="942" ind1=" " ind2=" ">
    <subfield code="c">ANA</subfield>
  </datafield>
  <datafield tag="952" ind1=" " ind2=" ">
    <subfield code="0">0</subfield>
    <subfield code="1">0</subfield>
    <subfield code="4">0</subfield>
    <subfield code="7">0</subfield>
    <subfield code="8">HEM</subfield>
    <subfield code="a">FUSBC</subfield>
    <subfield code="b">FUSBC</subfield>
    <subfield code="d">2016-01-26</subfield>
    <subfield code="l">0</subfield>
    <subfield code="o"> </subfield>
    <subfield code="r">2016-01-26 00:00:00</subfield>
    <subfield code="w">2016-01-26</subfield>
    <subfield code="y">ANA</subfield>
  </datafield>
  <datafield tag="999" ind1=" " ind2=" ">
    <subfield code="c">62571</subfield>
    <subfield code="d">62571</subfield>
  </datafield>
</record>
